000
00332nam a2200133Ia 4500
008
240624s9999 xx 000 0 und d
041
_a
eng
082
_a
891.4608 DES
100
_a
DESHMUKH SUJATA
245
_a
I TOO HAD A DREAM
260
_c
2007
_a
Pune
_b
Rajhans Prakashan
300
_a
ix, : 218 : p. : cm. ; 21
365
_c
RS
_b
20
999
_c
6902
_d
6902